Law of foreigners, citizenship & passports in India / (Record no. 949)
[ view plain ]
| 000 -LEADER | |
|---|---|
| fixed length control field | 00677cam a2200241 a 4500 |
| 001 - CONTROL NUMBER | |
| control field | 17360308 |
| 005 - DATE AND TIME OF LATEST TRANSACTION | |
| control field | 20241108205020.0 |
| 007 - PHYSICAL DESCRIPTION FIXED FIELD--GENERAL INFORMATION | |
| fixed length control field | ta |
| 008 - FIXED-LENGTH DATA ELEMENTS--GENERAL INFORMATION | |
| fixed length control field | 111230s2011 ii v 000 0 eng d |
| 020 ## - INTERNATIONAL STANDARD BOOK NUMBER | |
| International Standard Book Number | 9789350350980 |
| 020 ## - INTERNATIONAL STANDARD BOOK NUMBER | |
| International Standard Book Number | 935035098X |
| 050 00 - LIBRARY OF CONGRESS CALL NUMBER | |
| Classification number | KNS2155.A43 |
| Item number | .K375 2011 |
| 082 04 - DEWEY DECIMAL CLASSIFICATION NUMBER | |
| Classification number | 323.670954 |
| Edition information | 23 |
| 100 1# - MAIN ENTRY--PERSONAL NAME | |
| Personal name | Karkara, G. S. |
| 245 10 - TITLE STATEMENT | |
| Title | Law of foreigners, citizenship & passports in India / |
| Statement of responsibility, etc. | Gurbax Singh. |
| 250 ## - EDITION STATEMENT | |
| Edition statement | 2nd ed. |
| 260 ## - PUBLICATION, DISTRIBUTION, ETC. | |
| Place of publication, distribution, etc. | New Delhi : India |
| Name of publisher, distributor, etc. | Universal Law Pub. Co., |
| Date of publication, distribution, etc. | 2011. |
| 300 ## - PHYSICAL DESCRIPTION | |
| Extent | lxxxi, 1232 p. ; |
| Dimensions | 25 cm. |
| 650 #0 - SUBJECT ADDED ENTRY--TOPICAL TERM | |
| Topical term or geographic name entry element | Noncitizens |
| Geographic subdivision | India. |
| 650 #0 - SUBJECT ADDED ENTRY--TOPICAL TERM | |
| Topical term or geographic name entry element | Citizenship |
| Geographic subdivision | India. |
| 650 #0 - SUBJECT ADDED ENTRY--TOPICAL TERM | |
| Topical term or geographic name entry element | Passports |
| Geographic subdivision | India. |
| 942 ## - ADDED ENTRY ELEMENTS (KOHA) | |
| Source of classification or shelving scheme | Library of Congress Classification |
| Koha item type | Books |
| Suppress in OPAC | No |
| 999 ## - | |
| -- | 949 |
| -- | 949 |
| Withdrawn status | Lost status | Source of classification or shelving scheme | Damaged status | Not for loan | Collection | Home library | Current library | Shelving location | Date acquired | Total checkouts | Full call number | Barcode | Date last seen | Copy number | Price effective from | Koha item type |
|---|---|---|---|---|---|---|---|---|---|---|---|---|---|---|---|---|
| Library of Congress Classification | Reference | Law Library (Christ Temple) | Law Library (Christ Temple) | General stacks | 01/17/2025 | KNS2155.A43 SIN | LLCT00000182 | 01/17/2025 | 5 | 01/17/2025 | Books | |||||
| Library of Congress Classification | Reference | Law Library (Christ Temple) | Law Library (Christ Temple) | General stacks | 01/17/2025 | KNS2155.A43 SIN | LLCT00000183 | 01/17/2025 | 6 | 01/17/2025 | Books | |||||
| Library of Congress Classification | Reference | Law Library (Christ Temple) | Law Library (Christ Temple) | General stacks | 01/17/2025 | KNS2155.A43 SIN | LLCT00000184 | 01/17/2025 | 7 | 01/17/2025 | Books | |||||
| Library of Congress Classification | Reference | Law Library (Christ Temple) | Law Library (Christ Temple) | General stacks | 01/17/2025 | KNS2155.A43 SIN | LLCT00000185 | 01/17/2025 | 8 | 01/17/2025 | Books | |||||
| Library of Congress Classification | Reference | Law Library (Christ Temple) | Law Library (Christ Temple) | General stacks | 01/17/2025 | KNS2155.A43 SIN | LLCT00000186 | 01/17/2025 | 9 | 01/17/2025 | Books | |||||
| Library of Congress Classification | Non-fiction | Law Library (Miotso) | Law Library (Miotso) | General stacks | 11/08/2024 | KNS2155.A43 SIN | LLM00000768 | 11/08/2024 | 1 | 11/08/2024 | Books | |||||
| Library of Congress Classification | Non-fiction | Law Library (Miotso) | Law Library (Miotso) | General stacks | 11/08/2024 | KNS2155.A43 SIN | LLM00000769 | 11/08/2024 | 2 | 11/08/2024 | Books | |||||
| Library of Congress Classification | Non-fiction | Law Library (Miotso) | Law Library (Miotso) | General stacks | 11/08/2024 | KNS2155.A43 SIN | LLM00000770 | 11/08/2024 | 3 | 11/08/2024 | Books | |||||
| Library of Congress Classification | Non-fiction | Law Library (Miotso) | Law Library (Miotso) | General stacks | 11/08/2024 | KNS2155.A43 SIN | LLM00000771 | 11/08/2024 | 4 | 11/08/2024 | Books |